[Event "1516LLO"]
[Site "Mecklenburg-Vorpommern"]
[Date "2015.09.20"]
[Round "1.1"]
[White "Windjaeger, Gerd"]
[Black "Paulowitz, Bernd Rainer"]
[Result "0-1"]
[WhiteElo "1939"]
[BlackElo "1887"]
[PlyCount "82"]
[EventType "team-tourn"]
[EventRounds "9"]
[EventCountry "GER"]
[SourceDate "2015.09.20"]
[WhiteTeam "SV Gryps"]
[BlackTeam "FHSG Stralsund II"]
[WhiteTeamCountry "GER"]
[BlackTeamCountry "GER"]

1. d4 Nf6 2. Nf3 e6 3. e3 d5 4. Bd3 Bd6 5. Nbd2 c5 6. c3 b6 7. O-O Nbd7 8. Qe2
Bb7 9. e4 dxe4 10. Nxe4 Nxe4 11. Bxe4 Qc7 12. Bxb7 Qxb7 13. c4 O-O 14. b3 cxd4
15. Nxd4 Bc5 16. Bb2 e5 17. Nf5 g6 18. Nh6+ Kg7 19. Ng4 f6 20. Rad1 Rf7 21. Kh1
h5 22. Ne3 Qe4 23. Qd3 Qxd3 24. Rxd3 Nf8 25. g3 Ne6 26. Kg2 Rd8 27. Rxd8 Nxd8
28. Nd5 Ne6 29. f4 exf4 30. Nxf4 Nxf4+ 31. Rxf4 g5 32. Rf1 Kg6 33. Re1 Rd7 34.
Re2 Rd3 35. Ba1 a5 36. Re6 Rd2+ 37. Kf3 Rf2+ 38. Ke4 Re2+ 39. Kd5 Rxe6 40. Kxe6
f5 41. h3 f4 0-1

[Event "1516LLO"]
[Site "Mecklenburg-Vorpommern"]
[Date "2015.09.20"]
[Round "1.3"]
[White "Wagner, Swenja"]
[Black "Vlach, Michael"]
[Result "0-1"]
[WhiteElo "1709"]
[BlackElo "1613"]
[PlyCount "66"]
[EventType "team-tourn"]
[EventRounds "9"]
[EventCountry "GER"]
[SourceDate "2015.09.20"]
[WhiteTeam "SV Gryps"]
[BlackTeam "FHSG Stralsund II"]
[WhiteTeamCountry "GER"]
[BlackTeamCountry "GER"]

1. d4 Nf6 2. c4 e6 3. Nf3 c5 4. Nc3 d5 5. e3 Nc6 6. cxd5 Nxd5 7. Bd3 cxd4 8.
exd4 Be7 9. O-O a6 10. Qe2 Ndb4 11. Be3 Nxd3 12. Qxd3 O-O 13. a3 Bf6 14. Ne4
Be7 15. Rad1 b6 16. Nfg5 g6 17. h4 f5 18. Qb3 Qd5 19. Qxd5 exd5 20. Nc3 f4 21.
Bc1 Bxg5 22. hxg5 Rf5 23. Ne2 f3 24. Ng3 fxg2 25. Kxg2 Rf8 26. Be3 Bd7 27. Ne2
Bg4 28. f3 Rae8 29. Rd3 Bd7 30. b4 b5 31. Rf2 Ne7 32. Bf4 Rc8 33. Bd6 Rfe8 0-1

[Event "1516LLO"]
[Site "Mecklenburg-Vorpommern"]
[Date "2015.09.20"]
[Round "1.4"]
[White "Jabbusch, Burkhard"]
[Black "Sadewasser, Lucie"]
[Result "0-1"]
[WhiteElo "1688"]
[BlackElo "1552"]
[PlyCount "110"]
[EventType "team-tourn"]
[EventRounds "9"]
[EventCountry "GER"]
[SourceDate "2015.09.20"]
[WhiteTeam "FHSG Stralsund II"]
[BlackTeam "SV Gryps"]
[WhiteTeamCountry "GER"]
[BlackTeamCountry "GER"]

1. d4 Nf6 2. Nf3 g6 3. c4 c5 4. d5 b5 5. Qc2 Bg7 6. e4 d6 7. cxb5 O-O 8. Nc3 a6
9. h3 Nbd7 10. Be3 axb5 11. Bxb5 Qa5 12. O-O Ba6 13. Bxa6 Qxa6 14. Qd2 Nb6 15.
b3 Nfd7 16. Rfc1 Qa5 17. Qd3 Rfc8 18. Bd2 c4 19. bxc4 Nxc4 20. Be1 Nb2 21. Qe3
Qa3 22. Ne2 Qxe3 23. fxe3 Nd3 24. Rxc8+ Rxc8 25. Rd1 Nxe1 26. Nxe1 Ra8 27. Rd2
Ne5 28. Kf2 Bh6 29. Rc2 Ra3 30. Nf4 Ra4 31. Nf3 Rxe4 32. Rc8+ Kg7 33. g4 Bxf4
34. exf4 Rxf4 35. Rc3 Ra4 36. Rc2 Nd3+ 37. Kg2 Nb4 38. Rc7 Rxa2+ 39. Kg3 Nxd5
40. Rd7 Ra3 41. h4 Rc3 42. Kf2 Rc7 43. Rd8 Rc2+ 44. Kg3 Nf6 45. Ra8 Rc3 46. Ra7
Re3 47. Ra4 Re4 48. Ra6 Rxg4+ 49. Kf2 Rf4 50. Ke3 Nd5+ 51. Ke2 Re4+ 52. Kf2 h6
53. Kg3 Nf6 54. Nd2 Nh5+ 55. Kh3 Re3+ 0-1

[Event "1516LLO"]
[Site "Mecklenburg-Vorpommern"]
[Date "2015.09.20"]
[Round "1.5"]
[White "Hollatz, Michael"]
[Black "Loesche, Richard"]
[Result "1-0"]
[WhiteElo "1767"]
[BlackElo "1572"]
[PlyCount "31"]
[EventType "team-tourn"]
[EventRounds "9"]
[EventCountry "GER"]
[SourceDate "2015.09.20"]
[WhiteTeam "SV Gryps"]
[BlackTeam "FHSG Stralsund II"]
[WhiteTeamCountry "GER"]
[BlackTeamCountry "GER"]

1. e4 e5 2. f4 d5 3. exd5 e4 4. Nc3 Nf6 5. Bc4 Bc5 6. d3 Bg4 7. Nge2 O-O 8.
dxe4 Re8 9. e5 Nh5 10. Ne4 Bb6 11. Qd3 Bxe2 12. Qxe2 Qh4+ 13. g3 Qh3 14. d6
cxd6 15. Bxf7+ Kxf7 16. Ng5+ 1-0

[Event "1516LLO"]
[Site "Mecklenburg-Vorpommern"]
[Date "2015.09.20"]
[Round "1.6"]
[White "Isigkeit, Hans Juergen"]
[Black "Droese, Nico"]
[Result "1-0"]
[WhiteElo "1530"]
[BlackElo "1291"]
[PlyCount "61"]
[EventType "team-tourn"]
[EventRounds "9"]
[EventCountry "GER"]
[SourceDate "2015.09.20"]
[WhiteTeam "FHSG Stralsund II"]
[BlackTeam "SV Gryps"]
[WhiteTeamCountry "GER"]
[BlackTeamCountry "GER"]

1. d4 Nf6 2. c4 e5 3. dxe5 Ng4 4. Nf3 Nc6 5. Nc3 Bc5 6. e3 Ngxe5 7. Nxe5 Nxe5
8. Bd2 d6 9. b4 Bxb4 10. Qa4+ Nc6 11. a3 Bc5 12. Bd3 Bd7 13. Qc2 g6 14. Ne4 Qe7
15. Bc3 Ne5 16. Rb1 Bc6 17. O-O Bxe4 18. Bxe4 c6 19. Bxe5 dxe5 20. Qb3 Rb8 21.
Bxc6+ Kf8 22. Rfd1 Rd8 23. Rxd8+ Qxd8 24. Qxb7 Kg7 25. Bd5 Qe7 26. Qxe7 Bxe7
27. Rb7 Bxa3 28. Rxf7+ Kh6 29. Rxa7 Rb8 30. g4 Bd6 31. h4 1-0

[Event "1516LLO"]
[Site "Mecklenburg-Vorpommern"]
[Date "2015.09.20"]
[Round "1.7"]
[White "Romoth, Dirk"]
[Black "Troyke, Jannis"]
[Result "1/2-1/2"]
[WhiteElo "1231"]
[BlackElo "1381"]
[PlyCount "110"]
[EventType "team-tourn"]
[EventRounds "9"]
[EventCountry "GER"]
[SourceDate "2015.09.20"]
[WhiteTeam "SV Gryps"]
[BlackTeam "FHSG Stralsund II"]
[WhiteTeamCountry "GER"]
[BlackTeamCountry "GER"]

1. e4 c5 2. Nf3 d6 3. d4 cxd4 4. Nxd4 Nf6 5. Nc3 g6 6. Bc4 Bg7 7. f3 O-O 8. Be3
Bd7 9. Qd2 Nc6 10. a3 Na5 11. Ba2 a6 12. Bh6 Bxh6 13. Qxh6 b5 14. h4 Nc4 15.
Bxc4 bxc4 16. Nd5 Nxd5 17. exd5 Qa5+ 18. c3 Qxd5 19. Rd1 Qe5+ 20. Kf2 Qg7 21.
Qxg7+ Kxg7 22. f4 Rab8 23. Rd2 Kh6 24. Re1 Rfe8 25. Rde2 e6 26. Kf3 Rb6 27. g4
Reb8 28. Rb1 Ba4 29. Kg3 Bb3 30. Nxb3 Rxb3 31. Rc2 d5 32. Kf2 Rxa3 33. Ke2 Rab3
34. Ke3 Kg7 35. Kd4 Kf6 36. Re2 a5 37. g5+ Ke7 38. Ra1 Ra8 39. Ra4 Kd6 40. Rh2
Rb7 41. Rd2 f6 42. Ke3 Kc5 43. Rh2 Kb5 44. Ra1 a4 45. h5 Rg8 46. Rah1 Kc5 47.
hxg6 hxg6 48. gxf6 Rf8 49. Rh7 Rxh7 50. Rxh7 Rxf6 51. Rc7+ Kb6 52. Rc8 Kb7 53.
Rc5 Kb6 54. Rc8 Kb7 55. Rc5 Kb6 1/2-1/2

[Event "1516LLO"]
[Site "Mecklenburg-Vorpommern"]
[Date "2015.09.20"]
[Round "1.8"]
[White "Boettner, Oliver"]
[Black "Mauser, Tassilo Tino"]
[Result "1-0"]
[WhiteElo "1327"]
[BlackElo "1807"]
[PlyCount "107"]
[EventType "team-tourn"]
[EventRounds "9"]
[EventCountry "GER"]
[SourceDate "2015.09.20"]
[WhiteTeam "FHSG Stralsund II"]
[BlackTeam "SV Gryps"]
[WhiteTeamCountry "GER"]
[BlackTeamCountry "GER"]

1. e4 e5 2. Nf3 Nc6 3. Bc4 Bc5 4. O-O d6 5. c3 f6 6. a4 a6 7. h3 Qe7 8. a5 b5
9. axb6 Bxb6 10. b4 Kf8 11. Qe2 Qe8 12. Bxa6 Bxa6 13. Rxa6 Rxa6 14. Qxa6 Qg6
15. Qa8+ Qe8 16. Qxe8+ Kxe8 17. d3 Nge7 18. Be3 Bxe3 19. fxe3 d5 20. exd5 Nxd5
21. Re1 Ke7 22. d4 exd4 23. exd4+ Kf7 24. Rc1 Re8 25. Kf2 g6 26. Rc2 h6 27. Rb2
Na7 28. c4 Ne3 29. Re2 Nxc4 30. Rc2 Nd6 31. Rxc7+ Re7 32. Rxe7+ Kxe7 33. Ne1
Nf5 34. Nc2 Nc6 35. d5 Ncd4 36. Nxd4 Nxd4 37. Nc3 Kd6 38. Kg3 Nf5+ 39. Kf4 Nh4
40. g3 Ng2+ 41. Ke4 h5 42. Kd4 h4 43. gxh4 Nxh4 44. Ne4+ Ke7 45. Kc5 f5 46. Ng5
Ng2 47. b5 Ne3 48. b6 Kd7 49. Ne6 g5 50. b7 g4 51. b8=Q gxh3 52. Qc7+ Ke8 53.
Kc6 Nxd5 54. Qd7# 1-0

[Event "1516LLO"]
[Site "Mecklenburg-Vorpommern"]
[Date "2015.09.20"]
[Round "1.1"]
[White "Hagenlueke, Thomas"]
[Black "Voelschow, Siegfried"]
[Result "1/2-1/2"]
[WhiteElo "1877"]
[BlackElo "1948"]
[PlyCount "24"]
[EventType "team-tourn"]
[EventRounds "9"]
[EventCountry "GER"]
[SourceDate "2015.09.20"]
[WhiteTeam "Greifswalder SV II "]
[BlackTeam "SV Waterkant Saal"]
[WhiteTeamCountry "GER"]
[BlackTeamCountry "GER"]

1. e4 d5 2. exd5 Qxd5 3. Nc3 Qa5 4. d4 c6 5. Bc4 Bf5 6. Nf3 Nf6 7. Bd2 e6 8.
Ne5 Nbd7 9. Qe2 Bb4 10. Nxd7 Nxd7 11. O-O Nf6 12. a3 Bxc3 1/2-1/2

[Event "1516LLO"]
[Site "Mecklenburg-Vorpommern"]
[Date "2015.09.20"]
[Round "1.2"]
[White "Schwarz, Eckhard"]
[Black "Schwahn, Christian"]
[Result "1-0"]
[WhiteElo "1861"]
[BlackElo "1963"]
[PlyCount "89"]
[EventType "team-tourn"]
[EventRounds "9"]
[EventCountry "GER"]
[SourceDate "2015.09.20"]
[WhiteTeam "SV Waterkant Saal"]
[BlackTeam "Greifswalder SV II "]
[WhiteTeamCountry "GER"]
[BlackTeamCountry "GER"]

1. b3 e5 2. Bb2 Nc6 3. c4 Nf6 4. Nc3 Bc5 5. a3 a5 6. Nf3 d6 7. d3 O-O 8. e3 Re8
9. Be2 d5 10. cxd5 Nxd5 11. Qc2 Nxc3 12. Qxc3 Bf8 13. O-O Ra6 14. d4 exd4 15.
Nxd4 Nxd4 16. Bxa6 Nf3+ 17. gxf3 Bh3 18. Kh1 bxa6 19. Rg1 f6 20. Qxf6 Qxf6 21.
Bxf6 Re6 22. Bc3 Rh6 23. Rg5 Be6 24. Rb1 g6 25. Rxa5 Bd6 26. f4 Bf5 27. Rc1
Be4+ 28. Kg1 Bf3 29. Be5 Rh5 30. b4 Rh4 31. Bxd6 cxd6 32. Rg5 Kf7 33. Rc7+ Kf6
34. Ra7 h6 35. Rg3 Be2 36. Rd7 Ke6 37. Rg7 Bd3 38. Kg2 Rh5 39. Kf3 d5 40.
R7xg6+ Bxg6 41. Rxg6+ Kf7 42. Rxa6 Rxh2 43. Rd6 h5 44. Rxd5 h4 45. b5 1-0

[Event "1516LLO"]
[Site "Mecklenburg-Vorpommern"]
[Date "2015.09.20"]
[Round "1.3"]
[White "Hertel, Johannes"]
[Black "Wiese, Frank"]
[Result "1/2-1/2"]
[WhiteElo "1835"]
[BlackElo "1887"]
[PlyCount "92"]
[EventType "team-tourn"]
[EventRounds "9"]
[EventCountry "GER"]
[SourceDate "2015.09.20"]
[WhiteTeam "Greifswalder SV II "]
[BlackTeam "SV Waterkant Saal"]
[WhiteTeamCountry "GER"]
[BlackTeamCountry "GER"]

1. d4 d5 2. c4 c6 3. Nf3 Nf6 4. e3 Bf5 5. Nc3 e6 6. Nh4 Bg4 7. Qb3 Qc7 8. h3
Bh5 9. g4 Bg6 10. Nxg6 hxg6 11. g5 Nfd7 12. Bd2 Be7 13. f4 dxc4 14. Bxc4 Nb6
15. Bd3 N8d7 16. O-O-O O-O-O 17. h4 Rh5 18. Be2 Rh7 19. Bf3 Rdh8 20. h5 gxh5
21. g6 fxg6 22. Qxe6 Qd6 23. Qxd6 Bxd6 24. Rdg1 Nf8 25. Be4 Rh6 26. f5 Nc4 27.
fxg6 Nxd2 28. Kxd2 Bb4 29. Bf5+ Kd8 30. e4 Ke7 31. e5 Ne6 32. Ke3 Rd8 33. Bxe6
Kxe6 34. Ne4 Be7 35. Ng5+ Bxg5+ 36. Rxg5 h4 37. Rh3 Rdh8 38. Ke4 Rf8 39. Rg4
Rfh8 40. b4 a6 41. a4 Rh5 42. b5 axb5 43. axb5 R5h6 44. bxc6 bxc6 45. Rc3 Rc8
46. Rh3 Rch8 1/2-1/2

[Event "1516LLO"]
[Site "Mecklenburg-Vorpommern"]
[Date "2015.09.20"]
[Round "1.4"]
[White "Onasch, Gunnar"]
[Black "Nauschuetz, Ernst"]
[Result "1/2-1/2"]
[WhiteElo "1782"]
[BlackElo "1853"]
[PlyCount "99"]
[EventType "team-tourn"]
[EventRounds "9"]
[EventCountry "GER"]
[SourceDate "2015.09.20"]
[WhiteTeam "SV Waterkant Saal"]
[BlackTeam "Greifswalder SV II "]
[WhiteTeamCountry "GER"]
[BlackTeamCountry "GER"]

1. Nf3 c5 2. b3 d6 3. d4 cxd4 4. Nxd4 g6 5. Bb2 Nf6 6. e3 Bg7 7. Be2 O-O 8. c4
Nc6 9. Nf3 Be6 10. O-O h6 11. Nc3 d5 12. Nxd5 Nxd5 13. Bxg7 Kxg7 14. cxd5 Qxd5
15. Qxd5 Bxd5 16. Rfd1 Rfd8 17. Rd2 Be4 18. Rad1 Rxd2 19. Rxd2 Rd8 20. Rxd8
Nxd8 21. Nd4 e5 22. Nb5 a6 23. Nc3 Bc6 24. b4 f5 25. f3 b5 26. Bd1 Kf6 27. Bb3
Ke7 28. Kf2 Kd6 29. g3 g5 30. Bc2 Bd7 31. Bb3 Nc6 32. a3 Ne7 33. Ke2 Bc6 34.
Bc2 Kc7 35. Kf2 Kb6 36. e4 f4 37. Bb3 a5 38. Ke2 Bd7 39. Nd5+ Nxd5 40. Bxd5
axb4 41. axb4 g4 42. Bf7 Kc7 43. Bh5 fxg3 44. hxg3 gxf3+ 45. Kxf3 Kd6 46. Bg4
Be8 47. Kg2 Ke7 48. Kh3 Kf6 49. Kh4 Bg6 50. Bf3 1/2-1/2

[Event "1516LLO"]
[Site "Mecklenburg-Vorpommern"]
[Date "2015.09.20"]
[Round "1.5"]
[White "Grehl, Tino"]
[Black "Richter, Frank"]
[Result "1-0"]
[WhiteElo "1822"]
[BlackElo "1711"]
[PlyCount "127"]
[EventType "team-tourn"]
[EventRounds "9"]
[EventCountry "GER"]
[SourceDate "2015.09.20"]
[WhiteTeam "Greifswalder SV II "]
[BlackTeam "SV Waterkant Saal"]
[WhiteTeamCountry "GER"]
[BlackTeamCountry "GER"]

1. c4 e5 2. Nc3 Nf6 3. g3 c6 4. Nf3 d6 5. Bg2 Be6 6. d3 Be7 7. O-O O-O 8. e4 h6
9. h3 Qc8 10. Kh2 Nbd7 11. Qe2 Rb8 12. d4 exd4 13. Nxd4 Nb6 14. Nxe6 Qxe6 15.
b3 Nfd7 16. Bb2 Bf6 17. Qd2 Rfd8 18. Rad1 Nc5 19. Rfe1 a5 20. f4 a4 21. Qc2
axb3 22. axb3 Qe8 23. Ba3 Be7 24. Bxc5 dxc5 25. e5 Rxd1 26. Rxd1 Rd8 27. Ne4
Rd7 28. Rf1 Bf8 29. Qe2 Qd8 30. Qg4 Kh8 31. f5 Qe7 32. e6 Rd3 33. exf7 Qxf7 34.
f6 g6 35. Rf3 Rd4 36. Re3 Nd7 37. Qf3 Kh7 38. Qf4 Kg8 39. h4 b5 40. Bh3 bxc4
41. bxc4 Qxc4 42. Bxd7 Rxd7 43. f7+ Qxf7 44. Nf6+ Kg7 45. Nxd7 Qxd7 46. Qe5+
Kg8 47. Qe6+ Qxe6 48. Rxe6 Kf7 49. Rxc6 h5 50. Kg2 Be7 51. Kf3 g5 52. hxg5 Bxg5
53. Rxc5 Kg6 54. Ke4 Bf6 55. Ra5 Bc3 56. Ra6+ Kg5 57. Ra8 Kg6 58. Rg8+ Kh7 59.
Rg5 Kh6 60. Kf5 Bd2 61. Rg6+ Kh7 62. Rd6 Bc1 63. Rd1 Be3 64. Rh1 1-0

[Event "1516LLO"]
[Site "Mecklenburg-Vorpommern"]
[Date "2015.09.20"]
[Round "1.6"]
[White "Nickel, Reimo"]
[Black "Malchau, Jochen"]
[Result "1/2-1/2"]
[WhiteElo "1743"]
[BlackElo "1637"]
[PlyCount "40"]
[EventType "team-tourn"]
[EventRounds "9"]
[EventCountry "GER"]
[SourceDate "2015.09.20"]
[WhiteTeam "SV Waterkant Saal"]
[BlackTeam "Greifswalder SV II "]
[WhiteTeamCountry "GER"]
[BlackTeamCountry "GER"]

1. d4 d5 2. c3 c6 3. Nf3 Nf6 4. Bg5 Bf5 5. Bxf6 exf6 6. Qb3 Qb6 7. Qxb6 axb6 8.
Nbd2 b5 9. e3 h6 10. Be2 Bd6 11. O-O Nd7 12. Ne1 O-O 13. h3 Nb6 14. Bd3 Bxd3
15. Nxd3 Rfe8 16. Rfe1 f5 17. Kf1 Re7 18. Rec1 Kf8 19. Re1 Kg8 20. Rec1 Kf8
1/2-1/2

[Event "1516LLO"]
[Site "Mecklenburg-Vorpommern"]
[Date "2015.09.20"]
[Round "1.7"]
[White "Fasold, Gunnar"]
[Black "Ehmann, Roland"]
[Result "1/2-1/2"]
[WhiteElo "1629"]
[BlackElo "1554"]
[PlyCount "72"]
[EventType "team-tourn"]
[EventRounds "9"]
[EventCountry "GER"]
[SourceDate "2015.09.20"]
[WhiteTeam "Greifswalder SV II "]
[BlackTeam "SV Waterkant Saal"]
[WhiteTeamCountry "GER"]
[BlackTeamCountry "GER"]

1. d4 d5 2. c4 c6 3. cxd5 cxd5 4. Nc3 e6 5. Nf3 f5 6. Bg5 Nf6 7. e3 Bd6 8. Ne5
O-O 9. Nd3 Nc6 10. Bf4 Bxf4 11. Nxf4 a6 12. Be2 Bd7 13. O-O b5 14. Rc1 Rc8 15.
Nb1 Na5 16. b3 Qb6 17. Nd2 Nb7 18. Nf3 Qd6 19. Ne5 Ne4 20. Qe1 Rxc1 21. Qxc1
Rc8 22. Qb2 Nc3 23. b4 Nxe2+ 24. Qxe2 Be8 25. Nfd3 a5 26. Nc5 Nxc5 27. bxc5 Qc7
28. Rb1 a4 29. a3 Rb8 30. Nd3 Bc6 31. Rb4 h6 32. Qb2 Kf8 33. Qb1 Ke7 34. Nb2
Ra8 35. Nd1 Ra5 36. Nc3 Qd7 1/2-1/2

[Event "1516LLO"]
[Site "Mecklenburg-Vorpommern"]
[Date "2015.09.20"]
[Round "1.8"]
[White "Nickel, Udo"]
[Black "Motullo, Jens"]
[Result "1/2-1/2"]
[WhiteElo "1662"]
[BlackElo "1646"]
[PlyCount "95"]
[EventType "team-tourn"]
[EventRounds "9"]
[EventCountry "GER"]
[SourceDate "2015.09.20"]
[WhiteTeam "SV Waterkant Saal"]
[BlackTeam "Greifswalder SV II "]
[WhiteTeamCountry "GER"]
[BlackTeamCountry "GER"]

1. d4 Nf6 2. Nf3 g6 3. c4 Bg7 4. Nc3 d5 5. Bf4 O-O 6. e3 c6 7. Bd3 Bg4 8. h3
Bd7 9. Qb3 dxc4 10. Bxc4 b5 11. Bd3 a5 12. Ne4 Nd5 13. Bg3 a4 14. Qd1 Qa5+ 15.
Qd2 Nb4 16. O-O Nxd3 17. Qxd3 Na6 18. Rfc1 Rfc8 19. Nc5 Nxc5 20. Rxc5 f6 21.
Rac1 Qb4 22. Qd2 Qxd2 23. Nxd2 Kf7 24. a3 h5 25. f3 Bf8 26. R5c3 e6 27. Ne4 b4
28. axb4 Bxb4 29. Rc4 Be7 30. Nd6+ Bxd6 31. Bxd6 Ra6 32. Ra1 Rca8 33. Rb4 f5
34. Rb7 Ke8 35. Kf2 R6a7 36. Rb4 Bc8 37. Kg3 Kf7 38. Kf4 Kf6 39. Be5+ Kf7 40.
Rc1 Bd7 41. Rc3 Rg8 42. Kg5 Rga8 43. Rb6 Rc8 44. Bd6 Rca8 45. Rc4 Ra5 46. Bc5
Rb5 47. Rc3 Rb8 48. Rxb5 1/2-1/2

[Event "1516LLO"]
[Site "Mecklenburg-Vorpommern"]
[Date "2015.09.20"]
[Round "1.1"]
[White "Jeske, Holger"]
[Black "Burwitz, Joerg"]
[Result "1-0"]
[WhiteElo "1870"]
[BlackElo "1743"]
[PlyCount "61"]
[EventType "team-tourn"]
[EventRounds "9"]
[EventCountry "GER"]
[SourceDate "2015.09.20"]
[WhiteTeam "SSC Rostock 07 III"]
[BlackTeam "SV Rugia Bergen"]
[WhiteTeamCountry "GER"]
[BlackTeamCountry "GER"]

1. e4 c6 2. f4 d5 3. e5 g6 4. Nf3 Bg4 5. Be2 e6 6. O-O Bg7 7. d4 Ne7 8. Be3 O-O
9. Nbd2 Nd7 10. b3 Rc8 11. b4 a5 12. a3 axb4 13. axb4 Qb6 14. h3 Bxf3 15. Nxf3
Bh6 16. Qd2 Ra8 17. g4 Rxa1 18. Rxa1 f6 19. c3 Qc7 20. Kg2 fxe5 21. fxe5 Bxe3
22. Qxe3 Nb6 23. Qh6 Nec8 24. Ng5 Qe7 25. h4 Nc4 26. h5 Ne3+ 27. Kg1 gxh5 28.
Bd3 Nxg4 29. Bxh7+ Kh8 30. Qxh5 Nf2 31. Bf5+ 1-0

[Event "1516LLO"]
[Site "Mecklenburg-Vorpommern"]
[Date "2015.09.20"]
[Round "1.2"]
[White "Pawlick, Helmut"]
[Black "Maertin, Heinz"]
[Result "1/2-1/2"]
[WhiteElo "1798"]
[BlackElo "1732"]
[PlyCount "36"]
[EventType "team-tourn"]
[EventRounds "9"]
[EventCountry "GER"]
[SourceDate "2015.09.20"]
[WhiteTeam "SV Rugia Bergen"]
[BlackTeam "SSC Rostock 07 III"]
[WhiteTeamCountry "GER"]
[BlackTeamCountry "GER"]

1. e4 e6 2. d4 d5 3. Nc3 Bb4 4. Nge2 dxe4 5. a3 Be7 6. Nxe4 Nd7 7. N2c3 Ngf6 8.
Bd3 O-O 9. Qe2 b6 10. Qf3 Rb8 11. Qg3 Re8 12. Bg5 Bb7 13. Qh3 Nxe4 14. Bxe7
Qxe7 15. Nxe4 Bxe4 16. Bxe4 Nf6 17. Bc6 Red8 18. O-O-O Rd6 1/2-1/2

[Event "1516LLO"]
[Site "Mecklenburg-Vorpommern"]
[Date "2015.09.20"]
[Round "1.3"]
[White "Moritz, Hartmut"]
[Black "Wichert, Till"]
[Result "1/2-1/2"]
[WhiteElo "1852"]
[BlackElo "1598"]
[PlyCount "41"]
[EventType "team-tourn"]
[EventRounds "9"]
[EventCountry "GER"]
[SourceDate "2015.09.20"]
[WhiteTeam "SSC Rostock 07 III"]
[BlackTeam "SV Rugia Bergen"]
[WhiteTeamCountry "GER"]
[BlackTeamCountry "GER"]

1. e4 e6 2. d4 d5 3. e5 c5 4. c3 Nc6 5. Nf3 Qb6 6. a3 cxd4 7. cxd4 Nh6 8. Nc3
Nf5 9. Na4 Qd8 10. b4 Bd7 11. Bb2 b6 12. Rc1 Be7 13. Bd3 Rc8 14. O-O O-O 15.
Nc3 Nh4 16. Nxh4 Bxh4 17. g3 Be7 18. Qg4 f5 19. exf6 Bxf6 20. Qh5 g6 21. Qd1
1/2-1/2

[Event "1516LLO"]
[Site "Mecklenburg-Vorpommern"]
[Date "2015.09.20"]
[Round "1.4"]
[White "Pawlowicz, Wolfgang"]
[Black "Herde, Dittmar"]
[Result "0-1"]
[WhiteElo "1689"]
[BlackElo "1814"]
[PlyCount "84"]
[EventType "team-tourn"]
[EventRounds "9"]
[EventCountry "GER"]
[SourceDate "2015.09.20"]
[WhiteTeam "SV Rugia Bergen"]
[BlackTeam "SSC Rostock 07 III"]
[WhiteTeamCountry "GER"]
[BlackTeamCountry "GER"]

1. c4 Nf6 2. Nc3 d5 3. cxd5 Nxd5 4. Nf3 g6 5. g3 Bg7 6. Bg2 c6 7. O-O O-O 8. d4
Bg4 9. Ne5 Nxc3 10. bxc3 Bxe5 11. dxe5 Nd7 12. Bh6 Re8 13. h3 Be6 14. f4 Nb6
15. Qc2 Nc4 16. f5 Bc8 17. fxg6 fxg6 18. Qe4 Nd2 19. Qf4 Nxf1 20. Rxf1 Be6 21.
h4 Rf8 22. Bxf8 Qxf8 23. Qg5 Qg7 24. a3 Rf8 25. Rxf8+ Kxf8 26. Be4 Qf7 27. Qf4
Ke8 28. Qxf7+ Kxf7 29. Kf2 Bc4 30. Bd3 Bxd3 31. exd3 Ke6 32. d4 Kd5 33. Ke3 Kc4
34. Kd2 Kb3 35. Kd3 b5 36. g4 a5 37. g5 Kxa3 38. Kc2 b4 39. c4 b3+ 40. Kb1 Kb4
41. d5 cxd5 42. cxd5 Kc5 0-1

[Event "1516LLO"]
[Site "Mecklenburg-Vorpommern"]
[Date "2015.09.20"]
[Round "1.5"]
[White "Hochgraefe, Hans Juergen"]
[Black "Rosenbusch, Robert Mario"]
[Result "0-1"]
[WhiteElo "1751"]
[BlackElo "1701"]
[PlyCount "112"]
[EventType "team-tourn"]
[EventRounds "9"]
[EventCountry "GER"]
[SourceDate "2015.09.20"]
[WhiteTeam "SSC Rostock 07 III"]
[BlackTeam "SV Rugia Bergen"]
[WhiteTeamCountry "GER"]
[BlackTeamCountry "GER"]

1. d4 Nf6 2. Nf3 g6 3. Bg5 Bg7 4. Nbd2 d5 5. e3 O-O 6. Bd3 b6 7. O-O Bb7 8. c3
Nbd7 9. Qe2 Ne4 10. Bf4 f6 11. Nxe4 dxe4 12. Bc4+ Kh8 13. Nd2 e5 14. Bg3 f5 15.
dxe5 Nxe5 16. Bxe5 Bxe5 17. f4 exf3 18. Nxf3 Bxf3 19. Rxf3 Qd6 20. g3 Rad8 21.
Raf1 Qd2 22. R3f2 Qxe2 23. Rxe2 Bd6 24. Kg2 Rde8 25. h3 Re5 26. g4 fxg4 27.
Rxf8+ Bxf8 28. e4 gxh3+ 29. Kxh3 Bd6 30. Kg4 h5+ 31. Kf3 Kg7 32. Rg2 g5 33. Bd5
g4+ 34. Ke2 a5 35. a3 Kh6 36. Rf2 Kg5 37. Kf1 h4 38. Rf7 h3 39. b4 Re7 40. Rf5+
Kh4 41. Kf2 g3+ 42. Kf3 g2 43. Bf7 Rxf7 44. Rxf7 Bh2 45. Rh7+ Kg5 46. Rg7+ Kf6
47. Rxg2 hxg2 48. Kxg2 Bd6 49. Kf3 axb4 50. axb4 Ke5 51. Ke3 c5 52. bxc5 Bxc5+
53. Kd3 Kf4 54. Kc4 Kxe4 55. Kb3 Kd3 56. Ka4 Kxc3 0-1

[Event "1516LLO"]
[Site "Mecklenburg-Vorpommern"]
[Date "2015.09.20"]
[Round "1.6"]
[White "Pawlowicz, Karsten"]
[Black "Bardosch, Karl"]
[Result "1/2-1/2"]
[WhiteElo "1619"]
[BlackElo "1712"]
[PlyCount "25"]
[EventType "team-tourn"]
[EventRounds "9"]
[EventCountry "GER"]
[SourceDate "2015.09.20"]
[WhiteTeam "SV Rugia Bergen"]
[BlackTeam "SSC Rostock 07 III"]
[WhiteTeamCountry "GER"]
[BlackTeamCountry "GER"]

1. e4 c5 2. Nf3 d6 3. d4 cxd4 4. Nxd4 Nf6 5. Bd3 a6 6. h3 b5 7. Be3 Bb7 8. Nd2
Nbd7 9. Nf5 e6 10. Ng3 Rc8 11. Qe2 Qc7 12. a4 Qa5 13. O-O 1/2-1/2

[Event "1516LLO"]
[Site "Mecklenburg-Vorpommern"]
[Date "2015.09.20"]
[Round "1.7"]
[White "Raitza, Egon"]
[Black "Tabbert, Dirk"]
[Result "0-1"]
[WhiteElo "1688"]
[BlackElo "1602"]
[PlyCount "98"]
[EventType "team-tourn"]
[EventRounds "9"]
[EventCountry "GER"]
[SourceDate "2015.09.20"]
[WhiteTeam "SSC Rostock 07 III"]
[BlackTeam "SV Rugia Bergen"]
[WhiteTeamCountry "GER"]
[BlackTeamCountry "GER"]

1. d4 f5 2. g3 Nf6 3. Bg2 e6 4. c4 Be7 5. Nc3 c6 6. e4 fxe4 7. Nxe4 O-O 8. Ne2
d5 9. Nxf6+ Bxf6 10. b3 e5 11. cxd5 exd4 12. Bd2 cxd5 13. O-O Bg4 14. f3 Be6
15. Rc1 Nc6 16. Nf4 Bf7 17. Nd3 Qb6 18. Kh1 Rfe8 19. Bf4 Rad8 20. Qd2 Re7 21.
Rfe1 Rde8 22. Rxe7 Rxe7 23. Bd6 Re3 24. Bc5 Qd8 25. Re1 Rxe1+ 26. Qxe1 b6 27.
Ba3 Qd7 28. f4 Qf5 29. Nb4 Nxb4 30. Bxb4 d3 31. Bd2 h6 32. h3 Qe6 33. Qxe6 Bxe6
34. Kg1 Kf7 35. Kf1 Bd4 36. f5 Bxf5 37. Bxd5+ Kf6 38. g4 Ke5 39. Bb7 Be4 40.
Ba6 Bb2 41. Kf2 Kd4 42. h4 Bd5 43. g5 hxg5 44. hxg5 Ke4 45. Bc8 Bd4+ 46. Ke1
Be3 47. Bd7 Kf4 48. Bb5 Bxd2+ 49. Kxd2 Be4 0-1